| 000 | 00900nam a2200289Ia 4500 | ||
|---|---|---|---|
| 003 | OSt | ||
| 005 | 20221007122611.0 | ||
| 006 | a|||||r|||| 00| 0 | ||
| 007 | ta | ||
| 008 | 221006b |||||||| |||| 00| 0 eng d | ||
| 020 | _a9780521176330 (pbk) | ||
| 024 | _a127415 | ||
| 037 |
_b1288, 28/03/2011, Ashutosh Technical Books _cTextbook |
||
| 040 |
_aPAPL _cPAPL _beng |
||
| 041 |
_2eng _aeng |
||
| 082 | _aCN30, P9;5-;7 Carpa | ||
| 100 | _aZwiebach Barton | ||
| 245 | 0 | _aFirst course in string theory | |
| 250 | _a2 | ||
| 260 |
_aCambridge _bCambridge University Press _c2009 |
||
| 300 |
_axxii, 672p. _ccm. |
||
| 500 | _aReferences 659-666p.; Index 667-672p. | ||
| 650 |
_a String theory _9713986 |
||
| 650 | _aPhysics | ||
| 942 |
_hCN30, P9;5-;7 Carpa _cTB _2CC |
||
| 999 |
_c1210647 _d1210647 |
||